Normal view
MARC view
- COMPILERS-COMPUTER PROGRAMS SYSTEMS PROGRAMMING-COMPUTER SCIENCE
Entry Topical Term
001 - CONTROL NUMBER
- control field: 80541
003 - CONTROL NUMBER IDENTIFIER
- control field: NUST
005 - DATE AND TIME OF LATEST TRANSACTION
- control field: 20210628210702.0
008 - FIXED-LENGTH DATA ELEMENTS
- fixed length control field: 210628|| aca||aabn | a|a d
040 ## - CATALOGING SOURCE
- Original cataloging agency: NUST
- Transcribing agency: NUST
150 ## - HEADING--TOPICAL TERM
- Topical term or geographic name entry element: COMPILERS-COMPUTER PROGRAMS SYSTEMS PROGRAMMING-COMPUTER SCIENCE
670 ## - SOURCE DATA FOUND
- Source citation: Work cat.: (NUST): Muchnick, Steven.S 80540, Advanced compiler design and implementation, 1997
